LEADER 01143nam0 2200265 450 001 000031394 005 20130315134116.0 010 $a84-376-0031-6 100 $a20120309d1974----km-y0itaa50------ba 101 0 $aspa 102 $aES 200 1 $a<> poética o reglas de la poesía en general y de sus principales especies (ediciones de 1737 y 1789)$e<> Las memorias de la vida de don Ignacio de Luzán$fIgnacio de Luzán$gintroducion y notas por Isabel M. Cid de Sirgado 210 $aMadrid$cCatedra$d1974 215 $a478 p.$d21 cm. 700 1$aLuzán,$bIgnacio de$0424189 702 1$aCid de Sirgado,$bIsabel M. 801 0$aIT$bUniversità della Basilicata - B.I.A.$gREICAT$2unimarc 912 $a000031394 996 $aPoética o reglas de la poesía en general y de sus principales especies (ediciones de 1737 y 1789)$91529293 997 $aUNIBAS BAS $aLETTERE CAT $aSTD073$b00$c20120309$lBAS01$h0816 CAT $aMDL$b30$c20130315$lBAS01$h1341 FMT Z30 -1$lBAS01$LBAS01$mBOOK$1BASA1$APolo Storico-Umanistico$2GEN$BCollezione generale$3FP/17711$617711$5L17711$820120309$f02$FPrestabile Generale LEADER 01259nam0 2200301 450 001 000025318 005 20090410105715.0 100 $a20090410d1941----km-y0itaa50------ba 101 0 $aita 102 $aIT 200 1 $aOrazioni inaugurali$esui fini degli studi adatti alla natura umana, i fini politici, il fine cristiano, con appendice sulla "mente eroica"$fGianbattista Vico$gprima traduzione dal latino, studio critico e note di Stefano Mazzilli 210 $aFirenze$cLe Monnier$d1941 215 $a175 p.$d20 cm. 600 1$aVico,$bGian Battista$xOrazioni inaugurali$xStudio critico 676 $a858$v(21. ed.)$9Scritti miscellanei italiani 700 1$aVico,$bGiambattista$0151876 702 1$aMazzilli,$bStefano 801 0$aIT$bUniversità della Basilicata - B.I.A.$gRICA$2unimarc 912 $a000025318 996 $aOrazioni inaugurali$916888 997 $aUNIBAS BAS $aLETTERE CAT $aEXT10$b01$c20090410$lBAS01$h1055 CAT $aEXT10$b01$c20090410$lBAS01$h1056 CAT $aEXT10$b01$c20090410$lBAS01$h1057 CAT $aATR$b40$c20091217$lBAS01$h1611 FMT Z30 -1$lBAS01$LBAS01$mBOOK$1BASA1$APolo Storico-Umanistico$2FMAS$BFondo Masini$3FMas/817/2102$6817/2102$5B817/2102$820090410$f04$FPrestabile Didattica